AH International Schools' Libraries

Katie Morag and the Birthdays (Record no. 48911)

MARC details
000 -LEADER
fixed length control field 00360nam a22001217a 4500
008 - FIXED-LENGTH DATA ELEMENTS--GENERAL INFORMATION
fixed length control field 250507b |||||||| |||| 00| 0 eng d
020 ## - INTERNATIONAL STANDARD BOOK NUMBER
International Standard Book Number 9780099464266
100 ## - MAIN ENTRY--PERSONAL NAME
Personal name Mairi Hedderwick (Author, Illustrator)
9 (RLIN) 86294
245 ## - TITLE STATEMENT
Title Katie Morag and the Birthdays
260 ## - PUBLICATION, DISTRIBUTION, ETC. (IMPRINT)
Place of publication, distribution, etc London
Name of publisher, distributor, etc Red Fox
Date of publication, distribution, etc 2005
300 ## - PHYSICAL DESCRIPTION
Extent 48 p
Other physical details col. ill.
Dimensions 9.5 x 0.16 x 10 inches
942 ## - ADDED ENTRY ELEMENTS (KOHA)
Source of classification or shelving scheme
Holdings
Withdrawn status Lost status Source of classification or shelving scheme Damaged status Not for loan Collection code Home library Current library Shelving location Date acquired Full call number Barcode Date last seen Price effective from Koha item type
          Siem Riep Asian Hope Siem Reap Asian Hope Siem Reap Easy Reading 05/07/2025 E HED 208186 05/07/2025 05/07/2025 Book

For any Logos Library related questions please contact Miss Art at swongnarasuk@asianhope.org.

For any Asian Hope Library related questions please contact Miss Raza at graza@asianhope.org.

Powered by Koha